Моделирование ручейковой коррозии дренажной линии V-210; Прогрессивные технологии и экономика в машиностроении

Sonraí bibleagrafaíochta
Parent link:Прогрессивные технологии и экономика в машиностроении.— 2013.— [С. 54-55]
Príomhchruthaitheoir: Тулина Э. О.
Údair chorparáideacha: Национальный исследовательский Томский политехнический университет (ТПУ) Юргинский технологический институт (филиал) (ЮТИ) Кафедра сварочного производства (КСП), Национальный исследовательский Томский политехнический университет (ТПУ) Институт природных ресурсов (ИПР) Кафедра транспорта и хранения нефти и газа (ТХНГ)
Rannpháirtithe: Тихонова Т. В. (научный руководитель), Бурков П. В. Пётр Владимирович
Achoimre:Заглавие с экрана
Teanga:Rúisis
Foilsithe / Cruthaithe: 2013
Sraith:Современное металлургическое производствои контроль качества
Ábhair:
Rochtain ar líne:http://www.lib.tpu.ru/fulltext/c/2013/C57/019.pdf
Formáid: Leictreonach Caibidil leabhair
KOHA link:https://koha.lib.tpu.ru/cgi-bin/koha/opac-detail.pl?biblionumber=605863

MARC

LEADER 00000naa2a2200000 4500
001 605863
005 20231101132356.0
035 |a (RuTPU)RU\TPU\conf\3207 
035 |a RU\TPU\conf\3197 
090 |a 605863 
100 |a 20140506d2013 k y0rusy50 ca 
101 0 |a rus  |g rus 
102 |a RU 
105 |a y z 100zy 
135 |a drcn ---uucaa 
181 0 |a i  
182 0 |a b 
200 1 |a Моделирование ручейковой коррозии дренажной линии V-210  |f Э. О. Тулина, Т. В. Тихонова  |g науч. рук. П. В. Бурков 
203 |a Текст  |c электронный 
215 |a 1 файл(269 Кб) 
225 1 |a Современное металлургическое производствои контроль качества 
230 |a Электронные текстовые данные (1 файл: 269 Кб) 
300 |a Заглавие с экрана 
320 |a [Библиогр.: с. 55 (5 назв.)] 
337 |a Adobe Reader 
463 1 |0 (RuTPU)RU\TPU\conf\2057  |t Прогрессивные технологии и экономика в машиностроении  |o сборник трудов IV Всероссийской научно-практической конференции с элементами научной школы для студентов и учащейся молодежи, 4-6 апреля 2013 года, Юрга  |f Национальный исследовательский Томский политехнический университет (ТПУ), Юргинский технологический институт (ЮТИ) ; отв. за вып. Д. А. Чинахов  |v [С. 54-55]  |d 2013 
610 1 |a электронный ресурс 
610 1 |a труды учёных ТПУ 
610 1 |a моделирование 
610 1 |a ручейковая коррозия 
610 1 |a дренажные мероприятия 
700 1 |a Тулина  |b Э. О. 
701 1 |a Тихонова  |b Т. В. 
702 1 |a Бурков  |b П. В.  |c горный инженер  |c профессор Томского политехнического университета и Юргинского технологического института (филиал) Томского политехнического университета, доктор технических наук  |f 1957-  |g Пётр Владимирович  |2 stltpush  |4 727 
712 0 2 |a Национальный исследовательский Томский политехнический университет (ТПУ)  |b Юргинский технологический институт (филиал) (ЮТИ)  |b Кафедра сварочного производства (КСП)  |h 355  |2 stltpush  |3 (RuTPU)RU\TPU\col\18891 
712 0 2 |a Национальный исследовательский Томский политехнический университет (ТПУ)  |b Институт природных ресурсов (ИПР)  |b Кафедра транспорта и хранения нефти и газа (ТХНГ)  |h 257  |2 stltpush  |3 (RuTPU)RU\TPU\col\18661 
801 1 |a RU  |b 63413507  |c 20101016 
801 2 |a RU  |b 63413507  |c 20140506  |g RCR 
856 4 |u http://www.lib.tpu.ru/fulltext/c/2013/C57/019.pdf 
942 |c BK